000 00297nam a22001337a 4500
020 _a978-81-7797-140-8
082 _a030
_bSAS/L
100 _aSASIDHARAN, AYSHA
245 _aLIFE SCIENCE
260 _aTRIVANDRUM
_bSISO BOOKS
_c2009
300 _a159
650 _aENCYCLOPEDIA
_zINDIA
942 _cBK
999 _c2177
_d2177